Sri Lanka state of the economy 2015: (Record no. 4591)

MARC details
000 -LEADER
fixed length control field 00624nam a2200169 4500
008 - FIXED-LENGTH DATA ELEMENTS--GENERAL INFORMATION
fixed length control field 240105b |||||||| |||| 00| 0 eng d
020 ## - ISBN
ISBN 9558708903
082 ## - DEWEY DECIMAL CLASSIFICATION NUMBER
Classification number 330.954
Item number INS
942 ## - ADDED ENTRY ELEMENTS (KOHA)
Item Type Reports
110 ## - MAIN ENTRY--CORPORATE NAME
Corporate Name Institute of Policy Studies
245 ## - TITLE STATEMENT
Title Sri Lanka state of the economy 2015:
Sub Title economic reforms; political economy and institutional challenges
260 ## - PUBLICATION, DISTRIBUTION, ETC. (IMPRINT)
Place of Publication Colombo:
Name of Publisher Institute of Policy Studies of Sri Lanka,
Date of Copyright 2015
300 ## - PHYSICAL DESCRIPTION
Extent 205, xxv p. : ill. (black and white) ; 26 cm
650 ## - SUBJECT ADDED ENTRY--TOPICAL TERM
Topical Term Economic forecasting- Sri Lanka
650 ## - SUBJECT ADDED ENTRY--TOPICAL TERM
Topical Term Sri Lanka -Economic conditions- 21st century
650 ## - SUBJECT ADDED ENTRY--TOPICAL TERM
Topical Term Economic history
Holdings
Withdrawn status Lost status Source of classification or shelving scheme Damaged status Not for loan Permanent location Current location Date acquired Total Checkouts Full call number Barcode Date last seen Price effective from Koha item type
    Dewey Decimal Classification     Resource center, Muslim Women's Research And Action Forum Resource center, Muslim Women's Research And Action Forum 2024-01-05   330.954 INS RAF4671 2024-01-05 2024-01-05 Reports

Copyright © 2023 Muslim Women's Research and Action Forum (MWRAF), No 27/3, Anderson Road, Kalubowila, Dehiwela. Funded by The Asia Fundation